| 000 | 00813nam a22001577a 4500 | ||
|---|---|---|---|
| 003 | OSt | ||
| 005 | 20150918091417.0 | ||
| 008 | 150918b xxu||||| |||| 00| 0 eng d | ||
| 040 | _cRUA | ||
| 082 | _aAGR RI 2005 B031 Or.1 | ||
| 100 |
_9721 _aRI, THEAVY. |
||
| 245 | _aEffect of manure and chemical fertilizer on chrysan themumsp flower in crop station of royal university of agriculture ប្រសិទ្ធភាពជីធម្មជាតិនិងជីគីមីទៅលើការលូតលាស់ដំណាំគ្រីសង់តែមនៅស្ថានីយ៍ពិសោធន៍ដំណាំនៃសាកលវិទ្យាល័យភូមិន្ទកសិកម្ម | ||
| 260 |
_aPhnom Penh _bRUA _c2005 |
||
| 300 |
_axiii; 42p. _bill. _c29cm. |
||
| 942 |
_2ddc _cAGR |
||
| 999 |
_c695 _d695 |
||